Rozširovanie záväznosti kolektívnych zmlúv vyššieho stupňa na ďalších zamestnávateľov v Slovenskej a v Českej republike v r.1993

Postup rozširovania záväznosti kolektívnych zmlúv vyššieho stupňa (KZVS) na Slovensku. Postup ukladania a oznamovania KZVS v zbierke zákonov. Rozdiely medzi postupom rozširovania záväznosti KZVS v SR a ČR.

Salvato in:
Dettagli Bibliografici
Autore principale: Vladárová, Marta
Natura: Capitolo di libro
Lingua:slovacco
Soggetti:
Tags: Aggiungi Tag
Nessun Tag, puoi essere il primo ad aggiungerne!!

MARC

LEADER 00000naa a2200000 4500
001 r017015
005 20221129134014.5
041 0 |a slo 
044 |a CZ 
245 1 0 |a Rozširovanie záväznosti kolektívnych zmlúv vyššieho stupňa na ďalších zamestnávateľov v Slovenskej a v Českej republike v r.1993  |c Marta Vladárová 
520 |a Postup rozširovania záväznosti kolektívnych zmlúv vyššieho stupňa (KZVS) na Slovensku. Postup ukladania a oznamovania KZVS v zbierke zákonov. Rozdiely medzi postupom rozširovania záväznosti KZVS v SR a ČR. 
610 2 0 |a zmluvy kolektívne 
610 2 0 |a KZVS 
610 2 0 |a zamestnávatelia 
610 2 0 |a zákony 
610 2 0 |a Slovensko 
610 2 0 |a Česko 
100 1 |a Vladárová, Marta